000 01609nam a2200421 i 4500
003 EG-GICUC
005 20260415132220.0
008 260415s1956 fr |||fr|||| 00| 0 fre d
040 _aEG-GiCUC
_bfre
_cEG-GiCUC
_dEG-GiCUC
_eRda
082 0 4 _221
_a343.372121
_bAU . Q
092 0 4 _221
099 _aLaw1 10 343.372121 AU . Q 1956
100 1 _aAussel, Jean-Marie
_eAuteur
245 1 0 _aQuelques Aspects De L'autonomie Du Droit Pénal /
_cPar Mm.: Jean-marie Aussel, Jean Foyer, Michel Cabrillac, André Françon, Jean Déprez, Christian Gavalda, Jean Derruppé, Jean Patarin, Roger Doublier, Eugène Schaeffer, Jean-maurice Verdier, Préface De G. Stefani.
264 1 _aParis :
_bLibrairie Dalloz,
_c1956.
264 3 _bImpirmerie Jouve
300 _a438 page;
_c 24 cm.
336 _2rda contenu
_a texte
337 _2rda medias
_aOrdinateur
338 _2 transporteur rda
_a Ressource en ligne
650 1 _aIndépendance Et Neutralité
_2qrmak
650 1 _aDroit Do Pénal
_2qrmak
651 1 _2qrmak
700 1 _aFoyer,Jean
_eCo-Auteur
700 1 _aCabrillac, Michel
_eCo-Auteur
700 1 _aFrançon, André
_eCo-Auteur
700 1 _aDéprez, Jean
_eCo-Auteur
700 1 _aGavalda, Christian
_eCo-Auteur
700 1 _aDerruppé, Jean
_eCo-Auteur
700 1 _aPatarin, Jean
_eCo-Auteur
700 1 _aDoublier, Roger
_eCo-Auteur
700 1 _aSchaeffer, Eugène
_eCo-Auteur
700 1 _aVerdier, Jean-maurice
_eCo-Auteur
700 1 _aStefani, De G
_ePréfacier
856 4 0 _uhttps://fll.law.cu.edu.eg/fulltext/bks/B10-09297.pdf
905 _a54
942 _2ddc
_cBK
_e21
_n0
999 _c71060
_d71060